Lethal Company Entities by Image - Statistics

General Stats
  • This quiz has been taken 14 times
    13 since last reset
  • The average score is 23 of 28
Answer Stats
Picture Answer % Correct
Barber
100%
Bracken
100%
Butler
100%
Ghost Girl
100%
Circuit Bees
89%
Coil-Head
89%
Eyeless Dog
89%
Forest Keeper
89%
Jester
89%
Maneater (Adult)
89%
Maneater (Baby)
89%
Masked
89%
Old Bird
89%
Thumper
89%
Tulip Snakes
89%
Baboon Hawk
78%
Giant Sapsucker
78%
Hoarding Bug
78%
Nutcracker
78%
Snare Flea
78%
Spore Lizard
78%
Bunker Spider
67%
Earth Leviathan
67%
Hygrodere
67%
Jeb (The Company Monster)
67%
Kidnapper Fox
67%
Manticoil
67%
Roaming Locusts
56%
No matching quizzes found
Score Distribution
Percent of People with Each Score
Percentile by Number Answered
Your Score History
You have not taken this quiz since the last reset